Anales de Aragon : desde el año de MDXX ... hasta el de MDXXV / escrivialos Don Fran[cis]co Diego de Sayas Rabanera y Ortubia ... desde el año de MDXX ... hasta el de MDXXV / escrivialos Don Fran[cis]co Diego de Sayas Rabanera y Ortubia ...
Descripción Física:
[36], 840, [57] p., [1] f. de làm. ; 30 cm
Materias:
Corona catalanoaragonesa -- Història
MARC
| LEADER | 00000nam a2200000Ia 4500 | ||
|---|---|---|---|
| 001 | 14679 | ||
| 008 | 160829s1666 xx 000 0 cat d | ||
| 080 | |a R-12-173 | ||
| 100 | |a Sayas Rabanera y Ortubia, Francisco Diego de |9 25375 | ||
| 245 | |a Anales de Aragon : |b desde el año de MDXX ... hasta el de MDXXV / escrivialos Don Fran[cis]co Diego de Sayas Rabanera y Ortubia ... | ||
| 260 | |a [Zaragoza] : |b por los Herederos de P[edro] la Naia, |c 1666 | ||
| 300 | |a [36], 840, [57] p., [1] f. de làm. ; |c 30 cm | ||
| 590 | |a Índex. | ||
| 590 | |a Gravat a portada fet per Iuan Renedo F. | ||
| 650 | |a Corona catalanoaragonesa |x Història |9 37576 | ||
| 901 | |a Arxiu | ||
| 942 | |n 1 | ||
| 952 | |0 0 |1 0 |4 0 |6 R12173 |7 1 |9 43586 |a Arxiu |b Arxiu |d 2016-12-01 |l 0 |o R-12-173 |p 14679 |r 2016-12-01 00:00:00 |w 2016-12-01 |y ARXIU | ||
| 999 | |c 46133 |d 46133 | ||